A tolerable state of affairs (Record no. 74468)
[ view plain ]
| 000 -LEADER | |
|---|---|
| fixed length control field | 01434cab a2200205 4500 |
| 001 - CONTROL NUMBER | |
| control field | ##ABS68042 |
| 008 - FIXED-LENGTH DATA ELEMENTS--GENERAL INFORMATION | |
| fixed length control field | 040716n2004 000 0 eng u |
| 035 ## - SYSTEM CONTROL NUMBER | |
| System control number | (Sirsi) u126816 |
| 100 1# - MAIN ENTRY--PERSONAL NAME | |
| Personal name | Beckett, P. |
| 245 02 - TITLE STATEMENT | |
| Title | A tolerable state of affairs |
| 260 ## - PUBLICATION, DISTRIBUTION, ETC. | |
| Date of publication, distribution, etc. | 2004 |
| 490 #0 - SERIES STATEMENT | |
| Series statement | Estates Gazette |
| Volume/sequential designation | (0427) 3 July 2004, 126(1) |
| 520 ## - SUMMARY, ETC. | |
| Summary, etc. | Examines dilapidations claims in the light of "Simmons and others v Dresden ([2004] EWHC 993 (TCC), [2004] All ER (D) 261 (May)). The tenants (S), who had been granted a full repairing lease, had not been able to complete a programme of repairs to the property by the date that the lease expired, when the landlord (D) sold the property. D claimed breaches of covenant by S but his claim was dismissed as he was unable to prove his loss, although S's repairs were found to be inadequate. D's position was weakened by the fact that the property had been sold at what both sides agreed was a good price and the valuation methods of "Shortlands Investments Ltd v Cargill plc" (ORB, WB3047-23) deemed not to be applicable. Concludes that the issues in dilapidations cases must be separated out for clarity's sake. |
| 590 ## - LOCAL NOTE (RLIN) | |
| Local note | ABS |
| 650 24 - SUBJECT ADDED ENTRY--TOPICAL TERM | |
| Topical term or geographic name entry element | SHORTLANDS INVESTMENTS LTD V CARGILL PLC |
| 650 24 - SUBJECT ADDED ENTRY--TOPICAL TERM | |
| Topical term or geographic name entry element | SIMMONS AND OTHERS V DRESDEN |
| 650 24 - SUBJECT ADDED ENTRY--TOPICAL TERM | |
| Topical term or geographic name entry element | FLUOR DANIEL PROPERTIES LTD V SHORTLANDS INVESTMENTS LTD |
| 690 ## - LOCAL SUBJECT ADDED ENTRY--TOPICAL TERM (OCLC, RLIN) | |
| Topical term or geographic name as entry element | PROPERTY-LEASEHOLD PROPERTY-LANDLORD AND TENANT-DILAPIDATIONS |
| 942 ## - ADDED ENTRY ELEMENTS (KOHA) | |
| Suppress in OPAC | 0 |
| Withdrawn status | Lost status | Source of classification or shelving scheme | Damaged status | Not for loan | Home library | Current library | Shelving location | Date acquired | Total Checkouts | Full call number | Barcode | Date last seen | Copy number | Price effective from | Koha item type |
|---|---|---|---|---|---|---|---|---|---|---|---|---|---|---|---|
| Dewey Decimal Classification | London | London | Journal article | 16/07/2004 | ABS68042 | 126816-1001 | 06/08/2019 | 1 | 06/08/2019 | Journal article |